Statistics for Every London Station

Click here to take the quiz!

General Stats

  • This quiz has been taken 81 times
    (29 since last reset)
  • The average score is 987 of 1045

Answer Stats

Answer% Correct
Abbey Wood
100%
Acton Central
100%
Acton Town
100%
Aldgate
100%
Aldgate East
100%
Alexandra Palace
100%
All Saints
100%
Alperton
100%
Amersham
100%
Anerley
100%
Angel
100%
Archway
100%
Arnos Grove
100%
Arsenal
100%
Baker Street
100%
Balham
100%
Bank/Monument
100%
Barbican
100%
Barking
100%
Barking Riverside
100%
Barkingside
100%
Barons Court
100%
Battersea Park
100%
Battersea Power Station
100%
Bayswater
100%
Beckenham Junction
100%
Beckton
100%
Beckton Park
100%
Becontree
100%
Bellingham
100%
Belsize Park
100%
Bermondsey
100%
Bethnal Green
100%
Bexley
100%
Bexleyheath
100%
Blackfriars
100%
Blackhorse Road
100%
Blackwall
100%
Bond Street
100%
Borough
100%
Boston Manor
100%
Bounds Green
100%
Bow Church
100%
Bowes Park
100%
Bow Road
100%
Brent Cross
100%
Brent Cross West
100%
Brentwood
100%
Brixton
100%
Brockley
100%
Bromley by Bow
100%
Bromley North
100%
Bromley South
100%
Brondesbury
100%
Brondesbury Park
100%
Broxbourne
100%
Bruce Grove
100%
Buckhurst Hill
100%
Burnt Oak
100%
Bushey
100%
Bush Hill Park
100%
Caledonian Road
100%
Caledonian Road and Barnsbury
100%
Cambridge Heath
100%
Camden Road
100%
Camden Town
100%
Canada Water
100%
Canary Wharf
100%
Canning Town
100%
Cannonbury
100%
Canonbury
100%
Canons Park
100%
Canon Street
100%
Caterham
100%
Catford
100%
Chadwell Heath
100%
Chalfont and Latimer
100%
Chalk Farm
100%
Chancery Lane
100%
Charing Cross
100%
Charlton
100%
Cheam
100%
Chelsfield
100%
Chesham
100%
Cheshunt
100%
Chigwell
100%
Chingford
100%
Chiswick
100%
Chorley Wood
100%
City Thameslink
100%
Clapham Common
100%
Clapham Junction
100%
Clapham North
100%
Clapham South
100%
Clapton
100%
Cockfosters
100%
Colindale
100%
Colliers Wood
100%
Covent Garden
100%
Crews Hill
100%
Cricklewood
100%
Cross Harbour
100%
Crouch Hill
100%
Croxley
100%
Crystal Palace
100%
Custom House
100%
Cutty Sark
100%
Cyprus
100%
Dagenham East
100%
Dagenham Heathway
100%
Dalston Junction
100%
Dalston Kingsland
100%
Debden
100%
Deptford
100%
Deptford Bridge
100%
Devons Road
100%
Dollis Hill
100%
Drayton Park
100%
Ealing Broadway
100%
Ealing Common
100%
Earls Court
100%
East Acton
100%
Eastcote
100%
East Croydon
100%
East Dulwich
100%
East Finchley
100%
East Ham
100%
East India
100%
East Putney
100%
Edgware
100%
Edgware Road
100%
Edmonton Green
100%
Elephant and Castle
100%
Elm Park
100%
Elstree and Borehamwood
100%
Eltham
100%
Elverson Road
100%
Embankment
100%
Emerson Park
100%
Enfield Chase
100%
Enfield Town
100%
Epping
100%
Epsom
100%
Essex Road
100%
Euston
100%
Euston Square
100%
Fairlop
100%
Farringdon
100%
Feltham
100%
Finchley Central
100%
Finchley Road
100%
Finsbury Park
100%
Forest Hill
100%
Fulham Broadway
100%
Gallions Reach
100%
Gants Hill
100%
Gatwick Airport
100%
Gloucester Road
100%
Golders Green
100%
Goldhawk Road
100%
Goodge Street
100%
Gospel Oak
100%
Grange Hill
100%
Great Portland Street
100%
Greenford
100%
Greenland/Surrey Quays
100%
Green Park
100%
Greenwich
100%
Gunnersbury
100%
Hackney Central
100%
Hackney Downs
100%
Hackney Wick
100%
Haggerston
100%
Hainault
100%
Hammersmith
100%
Hampstead
100%
Hampstead Heath
100%
Hampton
100%
Hampton Court
100%
Hampton Wick
100%
Hanger Lane
100%
Harlesden
100%
Harold Wood
100%
Harpenden
100%
Harringay Green Lanes
100%
Harrow and wealdstone
100%
Harrow on the hill
100%
Hatch End
100%
Hatfield
100%
Hatton Cross
100%
Hayes
100%
Hayes and Harlington
100%
Heathrow Terminal 4
100%
Heathrow Terminal 5
100%
Heathrow Terminals 2 & 3
100%
Hendon
100%
Hendon Central
100%
Herne Hill
100%
Heron Quays
100%
Hertford East
100%
Hertford North
100%
High Barnet
100%
Highbury and Islington
100%
Highgate
100%
High Street Kensington
100%
Hillingdon
100%
Hither Green
100%
Holborn
100%
Holland Park
100%
Holloway Road
100%
Homerton
100%
Hornchurch
100%
Hornsey
100%
Hounslow
100%
Hounslow Central
100%
Hounslow East
100%
Hounslow West
100%
Hoxton
100%
Hyde Park Corner
100%
Ickenham
100%
Ilford
100%
Imperial Wharf
100%
Island Gardens
100%
Isleworth
100%
Iver
100%
Kennington
100%
Kensal Green
100%
Kensal Rise
100%
Kensington Olympia
100%
Kentish Town
100%
Kentish Town West
100%
Kenton
100%
Kew Gardens
100%
Kilburn
100%
Kilburn High Road
100%
Kilburn Park
100%
King George V
100%
Kingsbury
100%
Kings Cross/St Pancras
100%
Kingston
100%
Kingswood
100%
Knightsbridge
100%
Ladbroke Grove
100%
Ladywell
100%
Lambeth North
100%
Lancaster Gate
100%
Langdon Park
100%
Latimer Road
100%
Lee
100%
Leicester Square
100%
Lewisham
100%
Leyton
100%
Leyton Midland Road
100%
Leytonstone
100%
Leytonstone High Road
100%
Limehouse
100%
Liverpool Street
100%
London Bridge
100%
London City Airport
100%
London Fields
100%
Loughton
100%
Maida Vale
100%
Manor House
100%
Manor Park
100%
Mansion House
100%
Marble Arch
100%
Maryland
100%
Marylebone
100%
Maze Hill
100%
Meridian Water
100%
Mile End
100%
Mill hill broadway
100%
Mill Hill East
100%
Moorgate
100%
Moor Park
100%
Morden
100%
Mornington Crescent
100%
Mottingham
100%
Mudchute
100%
Neasden
100%
New Addington
100%
New Barnet
100%
Newbury Park
100%
New Cross
100%
New Cross Gate
100%
New Eltham
100%
New Malden
100%
New Southgate
100%
Nine Elms
100%
North Acton
100%
North Ealing
100%
Northfields
100%
North Greenwich
100%
North Harrow
100%
Northolt
100%
Northumberland Park
100%
North Wembley
100%
Northwick park
100%
Northwood
100%
Northwood Hills
100%
Notting Hill Gate
100%
Nunhead
100%
Oakleigh Park
100%
Oakwood
100%
Old Street
100%
Orpington
100%
Osterley
100%
Oval
100%
Oxford Circus
100%
Paddington
100%
Park Royal
100%
Parsons Green
100%
Peckham Rye
100%
Penge West
100%
Perivale
100%
Piccadilly Circus
100%
Pimlico
100%
Pinner
100%
Plaistow
100%
Ponders End
100%
Pontoon Dock
100%
Poplar
100%
Potters Bar
100%
Preston Road
100%
Prince Regent
100%
Pudding Mill Lane
100%
Purley
100%
Putney
100%
Putney Bridge
100%
Queensbury
100%
Queens Park
100%
Queens Road Peckham
100%
Queensway
100%
Radlett
100%
Rainham
100%
Ravenscourt Park
100%
Rayners Lane
100%
Reading
100%
Rectory Road
100%
Redbridge
100%
Regents Park
100%
Richmond
100%
Rickmansworth
100%
Roding Valley
100%
Romford
100%
Rotherhithe
100%
Royal Albert
100%
Royal Oak
100%
Royal Victoria
100%
Ruislip
100%
Ruislip Gardens
100%
Ruislip Manor
100%
Russell Square
100%
Rye House
100%
Seven Kings
100%
Seven Sisters
100%
Shadwell
100%
Shenfield
100%
Shepherds Bush
100%
Shepherds Bush Market
100%
Shoreditch High Street
100%
Sidcup
100%
Silver street
100%
Sloane Square
100%
Slough
100%
Snaresbrook
100%
South Acton
100%
Southall
100%
South Bermondsey
100%
Southbury
100%
South Ealing
100%
Southfields
100%
Southgate
100%
South Hampstead
100%
South Harrow
100%
South Kensington
100%
South Kenton
100%
South Quay
100%
South Ruislip
100%
South Tottenham
100%
Southwark
100%
South Wimbledon
100%
South Woodford
100%
St Albans City
100%
Stamford Brook
100%
Stamford Hill
100%
Stanmore
100%
Star Lane
100%
Stepney Green
100%
St James Park
100%
St James Street
100%
St Johns
100%
St Johns Wood
100%
St Margarets
100%
St Mary Cray
100%
Stockwell
100%
Stoke Newington
100%
Stonebridge Park
100%
St Pauls
100%
Stratford
100%
Stratford High Street
100%
Stratford International
100%
Streatham
100%
Sudbury Hill
100%
Sudbury Hill/Sudbury Hill Harrow
100%
Sudbury Town
100%
Surrey Quays
100%
Sutton
100%
Swiss Cottage
100%
Sydenham
100%
Teddington
100%
Temple
100%
Theobalds Grove
100%
Theydon Bois
100%
Thornton Heath
100%
Tooting
100%
Tooting Bec
100%
Tooting Broadway
100%
Tottenham Court Road
100%
Tottenham Hale
100%
Totteridge and Whetstone
100%
Tower Gateway
100%
Tower Hill
100%
Tufnell Park
100%
Tulse Hill
100%
Turkey Street
100%
Turnham Green
100%
Turnpike Lane
100%
Twickenham
100%
Upminster
100%
Upminster Bridge
100%
Upney
100%
Upper Holloway
100%
Upton Park
100%
Uxbridge
100%
Vauxhall
100%
Victoria
100%
Waddon
100%
Waltham Cross
100%
Walthamstow Central
100%
Wanstead
100%
Wanstead Park
100%
Wapping
100%
Ware
100%
Warren Street
100%
Warwick Avenue
100%
Waterloo
100%
Waterloo East
100%
Watford
100%
Watford Junction
100%
Wembley Central
100%
Wembley Park
100%
Wembley Stadium
100%
West Acton
100%
Westbourne Park
100%
West Brompton
100%
West Croydon
100%
West Drayton
100%
West Dulwich
100%
Westferry
100%
West Finchley
100%
West Ham
100%
West Hampstead
100%
West Harrow
100%
West India Quay
100%
West Kensington
100%
Westminster
100%
West Ruislip
100%
West Silvertown
100%
Whitechapel
100%
White City
100%
White Hart Lane
100%
Willesden Green
100%
Willesden Junction
100%
Wimbledon
100%
Wimbledon Park
100%
Woodford
100%
Wood Green
100%
Wood Lane
100%
Woodside
100%
Woodside Park
100%
Wood Street
100%
Woolwich
100%
Woolwich Arsenal
100%
Worcester Park
100%
Abbey Road
80%
Acton Main Line
80%
Addington Village
80%
Addiscombe
80%
Albany Park
80%
Barnehurst
80%
Barnes
80%
Barnes Bridge
80%
Bayford
80%
Beckenham Hill
80%
Beddington Lane
80%
Belmont
80%
Belvedere
80%
Berrylands
80%
Bickley
80%
Birkbeck
80%
Blackheath
80%
Brentford
80%
Brimsdown
80%
Brookmans Park
80%
Burnham
80%
Carpenders Park
80%
Carshalton
80%
Cars Halton
80%
Carshalton Beeches
80%
Castle Bar Park
80%
Catford Bridge
80%
Chafford Hundred
80%
Chessington North
80%
Chessington South
80%
Chiswick Park
80%
Clapham High Street
80%
Clock House
80%
Coulsdon South
80%
Coulsdon Town
80%
Crayford
80%
Crofton Park
80%
Cuffley
80%
Dagenham Dock
80%
Dartford
80%
Denmark Hill
80%
Drayton Green
80%
Dundonald Road
80%
Earlsfield
80%
Eden Park
80%
Elmers End
80%
Elmstead Woods
80%
Enfield Lock
80%
Epsom Downs
80%
Erith
80%
Ewell East
80%
Ewell West
80%
Falconwood
80%
Fenchurch Street
80%
Finchley Road & Frognal
80%
Forest Gate
80%
Fulwell
80%
Gidea Park
80%
Gipsy Hill
80%
Goodmayes
80%
Gordon Hill
80%
Grange Park
80%
Grays
80%
Greenwich Peninsula
80%
Grove Park
80%
Hackbridge
80%
Hadley Wood
80%
Hanwell
80%
Haydons Road
80%
Headstone Lane
80%
Highams Park
80%
Honor Oak Park
80%
Horley
80%
Kent House
80%
Kew Bridge
80%
Kidbrooke
80%
King Henrys Drive
80%
Knockholt
80%
Langley
80%
Lea Bridge
80%
Lebanon Road
80%
Loughborough Junction
80%
Lower Sydenham
80%
Luton Airport Parkway
80%
Maidenhead
80%
Malden Manor
80%
Merstham
80%
Mitcham
80%
Mitcham Eastfields
80%
Mitcham Junction
80%
Morden Road
80%
Morden South
80%
Mortlake
80%
New Beckenham
80%
Norbiton
80%
North Dulwich
80%
Northolt Park
80%
North Sheen
80%
Norwood Junction
80%
Ockendon
80%
Palmers Green
80%
Penge East
80%
Petts Wood
80%
Phipps Bridge
80%
Plumstead
80%
Purfleet
80%
Purley Oaks
80%
Queenstown Road
80%
Ravensbourne
80%
Raynes Park
80%
Redhill
80%
Reeves Corner
80%
Riddlesdown
80%
Royal Docks
80%
Salfords
80%
Sanderstead
80%
Selhurst
80%
Shortlands
80%
Slade Green
80%
South Croydon
80%
South Greenford
80%
South Merton
80%
St Helier
80%
Strawberry Hill
80%
Streatham Common
80%
Streatham Hill
80%
Sudbury and Harrow Road
80%
Sundridge Park
80%
Surbiton
80%
Sutton Common
80%
Swanley
80%
Sydenham Hill
80%
Syon Lane
80%
Taplow
80%
Tattenham Corner
80%
Thames Ditton
80%
Therapia Lane
80%
Tolworth
80%
Twyford
80%
Upper Warlingham
80%
Wallington
80%
Walthamstow Queens Road
80%
Wandsworth Common
80%
Wandsworth Road
80%
Wandsworth Town
80%
Watford High Street
80%
Welling
80%
Welwyn Garden City
80%
Westcombe Park
80%
West Ealing
80%
West Hampstead Thameslink
80%
West Norwood
80%
West Sutton
80%
West Wickham
80%
Whitton
80%
Whyteleafe
80%
Whyteleafe South
80%
Wimbledon Chase
80%
Winchmore Hill
80%
Woodgrange Park
80%
Woolwich Dockyard
80%
Ampere Way
60%
Arena
60%
Avenue Road
60%
Bankside
60%
Beckenham Road
60%
Belgrave Walk
60%
Blackhorse Lane
60%
Cadogan
60%
Centrale
60%
Chelsea Harbour
60%
Chislehurst
60%
Church Street
60%
Doubletree Docklands
60%
Earlswood
60%
Fieldway
60%
George Street
60%
Gravel Hill
60%
Kenley
60%
London Eye
60%
Masthouse Terrace
60%
Merton Park
60%
Motspur Park
60%
Norbury
60%
Reedham
60%
Royal Wharf
60%
Sandilands
60%
Stoneleigh
60%
Tadworth
60%
Waddon Marsh
60%
Wandle Park
60%
Welham Green
60%
Wellesley Road
60%
Woodmansterne
60%
Banstead
40%
Chipstead
40%
Coombe Lane
40%
Harrington Road
40%
Lloyd Park
40%
Millbank
40%
Plantation Wharf
40%
Wandsworth Riverside
40%

Score Distribution

Percentile by Number Answered

Percent of People with Each Score

Your Score History

You have not taken this quiz since the last reset